[Event "I Festival Steinitz A"]
[Site "Roma ITA"]
[Date "2002.07.07"]
[Round "5"]
[White "Gardon, Ermanno"]
[Black "Lombardi, Raffaele"]
[Result "1-0"]
[WhiteElo "2108"]
[BlackElo "1476"]
[PlyCount "105"]
[EventDate "2002.07.05"]

1. e4 e6 2. d3 d5 3. Qe2 Nf6 4. Nf3 c5 5. g3 Nc6 6. Bg2 dxe4 7. dxe4 Be7 8. O-O
O-O 9. e5 Nd7 10. h4 Qc7 11. Bf4 b6 12. Nc3 a6 13. Rfe1 Bb7 14. Ng5 h6 15. Nf3
Rac8 16. Nd1 Nd4 17. Qd3 Nxf3+ 18. Bxf3 Bxf3 19. Qxf3 c4 20. Nc3 Nc5 21. Qe2 b5
22. a3 Rfd8 23. Rad1 Qc6 24. f3 a5 25. Na2 Na4 26. Bc1 Qb6+ 27. Kg2 b4 28. axb4
axb4 29. Rxd8+ Bxd8 30. Be3 Qa5 31. Bd2 c3 32. bxc3 bxc3 33. Bf4 Be7 34. Nc1
Nc5 35. Rd1 Rb8 36. Nd3 Nxd3 37. Qxd3 Rd8 38. Qe2 Rxd1 39. Qxd1 Qd5 40. Qxd5
exd5 41. Be3 Bb4 42. Kf2 Kf8 43. Ke2 Ke7 44. Kd3 Kd7 45. Bd4 Ke6 46. f4 h5 47.
Bxc3 Bxc3 48. Kxc3 Kf5 49. Kd4 Kg4 50. Kxd5 Kxg3 51. f5 Kxh4 52. e6 fxe6+ 53.
fxe6 1-0

[Event "I Festival Steinitz A"]
[Site "Roma ITA"]
[Date "2002.07.07"]
[Round "5"]
[White "Lattanzi, Domenico"]
[Black "Caiazzo, Diego"]
[Result "0-1"]
[WhiteElo "1591"]
[BlackElo "1605"]
[PlyCount "74"]
[EventDate "2002.07.05"]

1. e4 e6 2. d4 d5 3. Nc3 dxe4 4. Nxe4 Nd7 5. Nf3 Ngf6 6. Bd3 b6 7. O-O Bb7 8.
Qe2 Be7 9. Ne5 O-O 10. Bf4 Nxe5 11. Nxf6+ Bxf6 12. dxe5 Qd5 13. Qf3 Qxf3 14.
gxf3 Be7 15. Be2 Rfd8 16. Kh1 Rd4 17. Be3 Rd5 18. Bf4 Rad8 19. Rg1 Bc5 20. Rg2
Bd4 21. c4 R5d7 22. Bg5 Rc8 23. Rd1 c5 24. Bf6 g6 25. h4 h5 26. Kg1 Rcc7 27. b3
Bc3 28. Rd6 Kh7 29. Kh2 Bd2 30. Kg3 Bc3 31. Rg1 Bd4 32. Rd1 Ba8 33. b4 Rb7 34.
f4 Rxd6 35. exd6 Bxf6 36. d7 Rb8 37. b5 Bd4 0-1

[Event "I Festival Steinitz A"]
[Site "Roma ITA"]
[Date "2002.07.07"]
[Round "5"]
[White "Leti, Jacopo"]
[Black "Chiaretti, Roberto"]
[Result "0-1"]
[WhiteElo "1629"]
[BlackElo "2199"]
[PlyCount "68"]
[EventDate "2002.07.05"]

1. e4 e5 2. Nf3 Nc6 3. Bb5 Nf6 4. O-O Nxe4 5. d4 Nd6 6. Bxc6 dxc6 7. dxe5 Nf5
8. Qe2 Nd4 9. Nxd4 Qxd4 10. Rd1 Bg4 11. Rxd4 Bxe2 12. Nc3 Bh5 13. Bg5 h6 14.
Bh4 Bc5 15. Rd2 Bb4 16. a3 Bxc3 17. bxc3 g5 18. Bg3 Rd8 19. Rd4 c5 20. Rd3 Bg6
21. Re3 Kd7 22. Rae1 Ke6 23. R3e2 Rd5 24. f4 Rhd8 25. fxg5 hxg5 26. Rf2 Rd1 27.
Rf6+ Ke7 28. h4 Rxe1+ 29. Bxe1 Rd1 30. Kf2 gxh4 31. Rf4 Bxc2 32. Rxh4 Rd5 33.
Rh5 Bg6 34. Rg5 Ke6 0-1

[Event "I Festival Steinitz A"]
[Site "Roma ITA"]
[Date "2002.07.07"]
[Round "5"]
[White "Ljubisavljevic, Zivojin Z."]
[Black "Corvi, Marco"]
[Result "0-1"]
[WhiteElo "2275"]
[BlackElo "2288"]
[PlyCount "114"]
[EventDate "2002.07.05"]

1. d4 f5 2. g4 fxg4 3. e4 e5 4. dxe5 d6 5. exd6 Bxd6 6. Nc3 Nf6 7. Be3 O-O 8.
Qd3 Nc6 9. O-O-O Be6 10. Nge2 Ne5 11. Qd4 Qe7 12. Nf4 Bf7 13. Be2 Rad8 14. Nfd5
Nxd5 15. exd5 Bh5 16. Ne4 Nf3 17. Bxf3 gxf3 18. Nxd6 cxd6 19. Rhg1 Rc8 20. c3
Bg6 21. b3 Qd7 22. Kb2 Qf5 23. Rc1 a6 24. h4 Rc7 25. Rg5 Qd3 26. Qxd3 Bxd3 27.
Rd1 Be4 28. c4 Bf5 29. Rc1 Re7 30. Rc3 g6 31. c5 dxc5 32. d6 Re4 33. Bxc5 Rxh4
34. Rxf3 Bd7 35. Rc3 Re4 36. a4 b5 37. axb5 axb5 38. Be3 Rf6 39. Rd5 Kf7 40.
Rcc5 Rf5 41. Rxf5+ gxf5 42. Kc3 Ke6 43. Kd3 Kxd6 44. Rc2 Be6 45. f3 Rh4 46. b4
Bc4+ 47. Kc3 Rh3 48. Kd4 Rxf3 49. Rh2 f4 50. Rh6+ Be6 51. Bc1 Rb3 52. Rxh7
Rxb4+ 53. Kc3 Rc4+ 54. Kd2 Kc5 55. Rb7 b4 56. Kd3 Rc3+ 57. Kd2 57... Rc4 $138
0-1

[Event "I Festival Steinitz A"]
[Site "Roma ITA"]
[Date "2002.07.07"]
[Round "5"]
[White "Marino, Massimo"]
[Black "Farina, Saverio"]
[Result "1-0"]
[WhiteElo "1966"]
[BlackElo "2104"]
[PlyCount "79"]
[EventDate "2002.07.05"]

1. e4 e6 2. d4 d5 3. Nc3 c5 4. dxc5 Nf6 5. exd5 exd5 6. Bb5+ Nc6 7. Be3 Be7 8.
Nge2 O-O 9. Bxc6 bxc6 10. O-O Ng4 11. Bd4 Qc7 12. Ng3 h5 13. Re1 h4 14. Nf1 Bg5
15. h3 Nf6 16. Be5 Qd8 17. f4 Bh6 18. Qd4 Ne8 19. Qf2 Ba6 20. Nh2 f6 21. Bd4
Qb8 22. f5 Bf4 23. Nf1 Bxf1 24. Rxf1 Bg3 25. Qd2 Rf7 26. Ne2 Be5 27. Nf4 Nc7
28. Ng6 Nb5 29. Bxe5 fxe5 30. Qg5 e4 31. Qxh4 Rf6 32. g4 Nd4 33. g5 Qxb2 34.
Qh8+ Kf7 35. Ne5+ Ke7 36. Qxg7+ Ke8 37. Qxf6 Ne2+ 38. Kh2 Qb7 39. Qh8+ Ke7 40.
Qg7+ 1-0

[Event "I Festival Steinitz A"]
[Site "Roma ITA"]
[Date "2002.07.07"]
[Round "5"]
[White "Marzano, Carlo"]
[Black "Palermo, Stefano"]
[Result "1/2-1/2"]
[WhiteElo "2258"]
[BlackElo "2066"]
[PlyCount "136"]
[EventDate "2002.07.05"]

1. d4 Nf6 2. Nf3 g6 3. c4 Bg7 4. Nc3 d6 5. e4 O-O 6. Be2 e5 7. d5 Nfd7 8. O-O
f5 9. exf5 Rxf5 10. g4 Rf8 11. Ng5 Nf6 12. Rb1 Qe7 13. f3 h6 14. Nge4 g5 15.
Bd3 Nxe4 16. Nxe4 Nd7 17. Ng3 Nf6 18. Bf5 Bxf5 19. Nxf5 Qf7 20. Ng3 Qg6 21. Bd2
Qd3 22. b3 Rae8 23. Ba5 Qxd1 24. Rbxd1 b6 25. Bc3 Kh7 26. Rde1 Kg6 27. h3 Kh7
28. Kg2 a6 29. Ne4 Nxe4 30. fxe4 Rxf1 31. Rxf1 Rf8 32. Rf5 Kg6 33. Bd2 Rf6 34.
Kf3 Kf7 35. Be1 Rxf5+ 36. exf5 Bf6 37. Bd2 Ke7 38. h4 Kd7 39. h5 Kc8 40. Ke4
Kb7 41. Be3 a5 42. Bd2 Ka7 43. a3 Ka6 44. b4 a4 45. b5+ Kb7 46. Bc1 Ka7 47. Bb2
Kb7 48. Ke3 Ka7 49. Ke2 Kb7 50. Kd2 Ka7 51. Kc3 Kb7 52. Kb4 Ka7 53. Kxa4 Kb7
54. Kb4 Ka7 55. a4 Kb7 56. a5 Ka7 57. axb6+ cxb6 58. Kc3 Kb7 59. Kd3 Kc7 60.
Ke4 Kd7 61. Bc1 Kc7 62. Be3 Kb7 63. Bd2 Kc7 64. Bb4 Kd7 65. Ba3 Kc7 66. Bc1 Kd7
67. Bb2 Kc7 68. Ba3 Kd7 1/2-1/2

[Event "I Festival Steinitz A"]
[Site "Roma ITA"]
[Date "2002.07.07"]
[Round "5"]
[White "Mrdja, Milan"]
[Black "Voiska, Margarita"]
[Result "1/2-1/2"]
[WhiteElo "2370"]
[BlackElo "2356"]
[PlyCount "31"]
[EventDate "2002.07.05"]

1. e4 d6 2. d4 Nf6 3. Bd3 e5 4. c3 Be7 5. Nf3 Nbd7 6. O-O O-O 7. Re1 b6 8. Nbd2
Bb7 9. Nf1 Re8 10. Ng3 exd4 11. cxd4 Bf8 12. b3 g6 13. Bb2 Bg7 14. Qc2 c5 15.
Rad1 a6 16. a3 1/2-1/2

[Event "I Festival Steinitz A"]
[Site "Roma ITA"]
[Date "2002.07.07"]
[Round "5"]
[White "Offidani, Marco"]
[Black "Marini, Giulio"]
[Result "1-0"]
[WhiteElo "1500"]
[BlackElo "1558"]
[PlyCount "125"]
[EventDate "2002.07.05"]

1. d4 Nf6 2. Nf3 g6 3. c4 Bg7 4. Nc3 O-O 5. Bg5 d6 6. e4 h6 7. Bxf6 Bxf6 8. Be2
c6 9. Qd2 Bg7 10. O-O a6 11. Rfe1 b5 12. a3 Bd7 13. Rad1 Qb6 14. e5 Bf5 15. Bd3
Bxd3 16. Qxd3 bxc4 17. Qxc4 Qxb2 18. Rb1 Qxa3 19. Ra1 Qb2 20. Rab1 Qa3 21. Ra1
Qb2 22. Rab1 Qc2 23. exd6 exd6 24. Re7 d5 25. Qb4 a5 26. Qb7 Ra6 27. Rbe1 Qxc3
28. Re8 Qb4 29. Rxb8 Rxb8 30. Qxa6 Qb5 31. Qa7 Rb7 32. Qa8+ Rb8 33. Qa7 Rb7 34.
Qa8+ Kh7 35. h3 Qb4 36. Rc1 Qb6 37. Qc8 Rc7 38. Qg4 c5 39. dxc5 Rxc5 40. Rd1
Qc6 41. Qf4 Qc7 42. Qxc7 Rxc7 43. Rxd5 Ra7 44. Rd3 a4 45. Ra3 Bb2 46. Ra2 a3
47. Ne1 Rc7 48. Nd3 Rb7 49. Kf1 Rb3 50. Ke2 h5 51. Kd2 Kh6 52. h4 g5 53. hxg5+
Kxg5 54. Kc2 Rb8 55. Nxb2 Rxb2+ 56. Rxb2 axb2 57. Kxb2 f5 58. Kc3 f4 59. Kd4 f3
60. g3 Kg4 61. Ke4 h4 62. gxh4 Kxh4 63. Kxf3 1-0

[Event "I Festival Steinitz A"]
[Site "Roma ITA"]
[Date "2002.07.07"]
[Round "5"]
[White "Passerotti, Pierluigi"]
[Black "Marta, Daniele"]
[Result "1-0"]
[WhiteElo "2284"]
[BlackElo "2014"]
[PlyCount "47"]
[EventDate "2002.07.05"]

1. d4 d6 2. e4 g6 3. Bc4 Bg7 4. c3 Nc6 5. Nf3 Nf6 6. Nbd2 O-O 7. O-O e5 8. dxe5
dxe5 9. Qe2 a6 10. Rd1 Qe7 11. Nf1 Be6 12. Bg5 Bxc4 13. Qxc4 h6 14. Bxf6 Bxf6
15. Ne3 Rad8 16. Nd5 Qe6 17. Qb3 b5 18. Nxc7 Qxb3 19. axb3 Rxd1+ 20. Rxd1 Na5
21. b4 Nc4 22. b3 Nb2 23. Rd2 Rd8 24. Nd5 1-0

[Event "I Festival Steinitz A"]
[Site "Roma ITA"]
[Date "2002.07.07"]
[Round "5"]
[White "Quaglia, Ferdinando"]
[Black "Spano' Cuomo, Gaetano"]
[Result "0-1"]
[WhiteElo "1580"]
[BlackElo "1746"]
[PlyCount "60"]
[EventDate "2002.07.05"]

1. d4 f5 2. c4 Nf6 3. Nc3 e6 4. Bg5 Be7 5. Bxf6 Bxf6 6. Nf3 O-O 7. e3 d6 8. Bd3
c5 9. Qc2 Nc6 10. a3 cxd4 11. exd4 Nxd4 12. Nxd4 Bxd4 13. O-O-O Bf6 14. f4 a6
15. Rhe1 b5 16. c5 d5 17. b4 Bd7 18. g4 Qb8 19. Rf1 a5 20. gxf5 Bxc3 21. Qxc3
axb4 22. Qxb4 exf5 23. Kb2 Ra4 24. Qb3 b4 25. Qxd5+ Kh8 26. axb4 Qxb4+ 27. Qb3
Qd4+ 28. Kc1 Ra1+ 29. Bb1 Qxc5+ 30. Qc2 Qe3+ 0-1

[Event "I Festival Steinitz A"]
[Site "Roma ITA"]
[Date "2002.07.07"]
[Round "5"]
[White "Quimi, Marco"]
[Black "D'Andrea, Carlo"]
[Result "0-1"]
[WhiteElo "2205"]
[BlackElo "1696"]
[PlyCount "48"]
[EventDate "2002.07.05"]

1. e4 d6 2. d4 Nf6 3. Nc3 g6 4. f4 Bg7 5. Nf3 O-O 6. e5 dxe5 7. fxe5 Nd5 8. Bc4
Be6 9. Bb3 Nc6 10. Ne4 Na5 11. c4 Nxb3 12. axb3 Nb4 13. O-O h6 14. d5 Bf5 15.
Ng3 Bg4 16. Re1 c6 17. Bd2 Nd3 18. Ba5 b6 19. Qxd3 bxa5 20. Rad1 cxd5 21. cxd5
Rb8 22. Re4 Qb6+ 23. Qe3 Bxf3 24. Qxb6 Rxb6 0-1

[Event "I Festival Steinitz A"]
[Site "Roma ITA"]
[Date "2002.07.07"]
[Round "5"]
[White "Riondino, Michele"]
[Black "Basile, Aldo"]
[Result "1-0"]
[WhiteElo "1874"]
[BlackElo "1289"]
[PlyCount "81"]
[EventDate "2002.07.05"]

1. e4 e5 2. Nf3 d6 3. d4 Qe7 4. Nc3 c6 5. Bc4 Be6 6. Bxe6 Qxe6 7. O-O Nd7 8.
Be3 g6 9. dxe5 dxe5 10. Qd2 O-O-O 11. Rad1 Be7 12. Qc1 f5 13. exf5 gxf5 14.
Rfe1 Bd6 15. Ng5 Qe7 16. Nf7 Qxf7 17. Rxd6 Ngf6 18. Bg5 Rdg8 19. Bxf6 Nxf6 20.
Rxe5 Qg6 21. Qf1 Rg7 22. Ree6 Rf8 23. g3 h5 24. Qe2 h4 25. Qe5 hxg3 26. fxg3
Rgf7 27. Re8+ Rxe8 28. Qxe8+ Nxe8 29. Rxg6 Kd7 30. h4 Nd6 31. Ne2 Re7 32. Nf4
Nc4 33. h5 Ke8 34. h6 Ne5 35. Rg8+ Kd7 36. Rg7 Ke8 37. h7 Rxg7 38. h8=Q+ Kf7
39. Qh5+ Kf6 40. Qh6+ Kf7 41. Qe6+ 1-0

[Event "I Festival Steinitz A"]
[Site "Roma ITA"]
[Date "2002.07.07"]
[Round "5"]
[White "Rocchetti, Marco"]
[Black "Campomori, Bruno"]
[Result "0-1"]
[WhiteElo "1624"]
[BlackElo "1832"]
[PlyCount "96"]
[EventDate "2002.07.05"]

1. d4 d5 2. Nf3 c5 3. e3 Nc6 4. b3 cxd4 5. exd4 Nf6 6. Nbd2 Bf5 7. a3 e6 8. Bb2
Bd6 9. Be2 Nd7 10. O-O g5 11. c4 g4 12. Ne5 Rg8 13. g3 Bxe5 14. dxe5 d4 15. Re1
Ndxe5 16. Bf1 Qg5 17. f4 gxf3 18. Nxf3 Nxf3+ 19. Qxf3 Qg4 20. Bg2 Qxf3 21. Bxf3
O-O-O 22. Rad1 d3 23. Rd2 Nd4 24. Bxd4 Rxd4 25. Re5 f6 26. Rc5+ Kb8 27. Rb5 Rg7
28. Kf2 e5 29. Ke3 Rgd7 30. Rd5 R7xd5 31. Bxd5 b6 32. a4 Bg6 33. h3 Kc7 34. g4
Kd6 35. b4 Rf4 36. Rf2 Rxf2 37. Kxf2 f5 38. gxf5 Bxf5 39. h4 Be6 40. Be4 d2 41.
Ke2 Bxc4+ 42. Kxd2 h6 43. Kc3 Bd5 44. Bf5 Bf3 45. Kd3 Kd5 46. Ke3 Bd1 47. Be4+
Kc4 48. a5 Kxb4 0-1

[Event "I Festival Steinitz A"]
[Site "Roma ITA"]
[Date "2002.07.07"]
[Round "5"]
[White "Romano, Ugo"]
[Black "Cardinali, Egidio"]
[Result "0-1"]
[WhiteElo "1476"]
[BlackElo "1546"]
[PlyCount "50"]
[EventDate "2002.07.05"]

1. Nf3 d5 2. g3 Nc6 3. Bg2 e5 4. O-O Bc5 5. d3 Nf6 6. Nbd2 Bg4 7. h3 Be6 8. e4
d4 9. Nb3 Bd6 10. Bd2 Qd7 11. Kh2 h6 12. Ng1 Nh7 13. f4 exf4 14. Bxf4 O-O-O 15.
Qd2 f6 16. a3 Be7 17. Qe2 g5 18. Bd2 h5 19. Qxh5 g4 20. Rf5 gxh3 21. Nxh3 Ng5
22. Qg4 Ne5 23. Qe2 Nxh3 24. Bxh3 Bxf5 25. exf5 Qxf5 0-1

[Event "I Festival Steinitz A"]
[Site "Roma ITA"]
[Date "2002.07.07"]
[Round "5"]
[White "Rossi, Aldo A."]
[Black "Del Vecchio, Ausonio"]
[Result "1-0"]
[WhiteElo "1713"]
[BlackElo "1389"]
[PlyCount "77"]
[EventDate "2002.07.05"]

1. d4 Nf6 2. Nf3 d5 3. e3 Nc6 4. c3 Bd7 5. Bd3 g6 6. Nbd2 Bg7 7. O-O O-O 8. e4
e6 9. e5 Ne8 10. Nb3 f6 11. exf6 Nxf6 12. Bg5 b6 13. Ne5 Qe8 14. Bxf6 Bxf6 15.
f4 Nxe5 16. fxe5 Bg7 17. Qe2 a6 18. Nd2 Qe7 19. Rxf8+ Rxf8 20. Bxa6 c6 21. Bd3
c5 22. Nf3 Be8 23. h4 Bh6 24. Rf1 Kh8 25. Ng5 Bxg5 26. Rxf8+ Qxf8 27. hxg5 Qf4
28. Qf2 Qf7 29. Qxf7 Bxf7 30. Bb5 Kg7 31. Kf2 h6 32. dxc5 bxc5 33. gxh6+ Kxh6
34. a4 d4 35. cxd4 cxd4 36. a5 g5 37. a6 Bg6 38. Bc6 d3 39. Ke3 1-0

[Event "I Festival Steinitz A"]
[Site "Roma ITA"]
[Date "2002.07.07"]
[Round "5"]
[White "Rotondi, Silverio"]
[Black "Frontini, Yuri Diego"]
[Result "1/2-1/2"]
[WhiteElo "1600"]
[BlackElo "1500"]
[PlyCount "58"]
[EventDate "2002.07.05"]

1. e4 d6 2. d4 Nf6 3. Nc3 g6 4. Bf4 Bg7 5. f3 c6 6. Qd2 b5 7. Bh6 Bxh6 8. Qxh6
Nbd7 9. O-O-O Qa5 10. Kb1 b4 11. Nce2 c5 12. Nc1 Qc7 13. Nge2 c4 14. Nf4 c3 15.
g4 Nb6 16. g5 Nh5 17. Nxh5 gxh5 18. Qg7 Rf8 19. Qxh7 cxb2 20. Bb5+ Bd7 21.
Bxd7+ Nxd7 22. Nd3 Rc8 23. Rd2 Qc3 24. Rhd1 Nb6 25. Nxb2 a5 26. e5 a4 27. exd6
a3 28. d7+ Kxd7 29. Qf5+ Kd8 1/2-1/2

[Event "I Festival Steinitz A"]
[Site "Roma ITA"]
[Date "2002.07.07"]
[Round "5"]
[White "Sacchini, Marco"]
[Black "Lava, Giovanni"]
[Result "1-0"]
[WhiteElo "2047"]
[BlackElo "2259"]
[PlyCount "53"]
[EventDate "2002.07.05"]

1. d4 Nf6 2. c4 g6 3. Nc3 d5 4. Nf3 Bg7 5. Qb3 dxc4 6. Qxc4 O-O 7. Bf4 Na6 8.
e4 c5 9. d5 e6 10. d6 Nh5 11. e5 Nxf4 12. Qxf4 f6 13. exf6 Bxf6 14. Qd2 Qa5 15.
Ne4 Qxd2+ 16. Kxd2 Bxb2 17. Rb1 Ba3 18. Bc4 h6 19. Ne5 Bb4+ 20. Ke3 b5 21. Bxb5
Kg7 22. d7 Bb7 23. Nd6 Nc7 24. Nxb7 Nxb5 25. Nc6 Nc3 26. d8=Q Rfxd8 27. Nbxd8
1-0

[Event "I Festival Steinitz A"]
[Site "Roma ITA"]
[Date "2002.07.07"]
[Round "5"]
[White "Scacco, Mauro"]
[Black "Vanzan, Alessandro"]
[Result "1-0"]
[WhiteElo "2070"]
[BlackElo "1558"]
[PlyCount "67"]
[EventDate "2002.07.05"]

1. e4 d6 2. d4 Nf6 3. Nc3 g6 4. h3 Bg7 5. Nf3 O-O 6. Be3 Nbd7 7. Qd2 c5 8. Be2
cxd4 9. Nxd4 Nc5 10. f3 a6 11. O-O Bd7 12. Rad1 b5 13. Nb3 Ne6 14. a3 Bc6 15.
Nd5 Nd7 16. c3 Rb8 17. f4 Nec5 18. Nxc5 Nxc5 19. e5 Ne4 20. Qe1 Bxd5 21. Rxd5
Qc7 22. Bf3 e6 23. Rd4 dxe5 24. Rxe4 f5 25. Rxe5 Bxe5 26. fxe5 Qxe5 27. Qf2 Qf6
28. Rc1 Qf7 29. Bd4 a5 30. Qe3 Rfe8 31. Qe5 Kf8 32. Bc6 Rec8 33. Bxb5 Rd8 34.
Bc4 1-0

[Event "I Festival Steinitz A"]
[Site "Roma ITA"]
[Date "2002.07.07"]
[Round "5"]
[White "Simeoni, Matteo"]
[Black "Tomescu, Vlad"]
[Result "0-1"]
[WhiteElo "2048"]
[BlackElo "2438"]
[PlyCount "62"]
[EventDate "2002.07.05"]

1. e4 c5 2. Nf3 Nc6 3. d4 cxd4 4. Nxd4 Nf6 5. Nc3 d6 6. Bc4 e6 7. Be3 a6 8. a4
Qc7 9. Qe2 Bd7 10. f3 Rc8 11. Nxc6 Bxc6 12. Bb3 Be7 13. O-O O-O 14. Rfd1 Rfe8
15. Qf2 Nd7 16. a5 Red8 17. Qg3 Nc5 18. Bc4 Be8 19. Bd4 g6 20. Ba2 Qb8 21. Be3
b5 22. Ne2 Nd7 23. Bb3 Ne5 24. Nd4 Nc4 25. Bh6 Nxb2 26. Rd2 Nc4 27. Rdd1 d5 28.
Qg4 dxe4 29. fxe4 Qa7 30. c3 e5 31. Bxc4 Rxc4 0-1

[Event "I Festival Steinitz A"]
[Site "Roma ITA"]
[Date "2002.07.07"]
[Round "5"]
[White "Soncini, Stefano"]
[Black "Medori, Marco"]
[Result "0-1"]
[WhiteElo "1569"]
[BlackElo "1723"]
[PlyCount "64"]
[EventDate "2002.07.05"]

1. e4 c5 2. Nc3 Nc6 3. f4 d6 4. Nf3 g6 5. d3 Bg7 6. Be2 Nd4 7. Be3 Nh6 8. h3 b5
9. Bxd4 cxd4 10. Nb1 e5 11. fxe5 dxe5 12. O-O O-O 13. Nbd2 f5 14. exf5 Nxf5 15.
Ne4 Ne3 16. Qb1 Nxf1 17. Bxf1 Bxh3 18. gxh3 Rxf3 19. Bg2 Rf8 20. Nc5 Qg5 21.
Ne4 Qe3+ 22. Kh1 Rac8 23. Qd1 Rc7 24. c3 dxc3 25. bxc3 Kh8 26. a4 bxa4 27. Rxa4
Rd8 28. Qb3 Qe1+ 29. Kh2 Bh6 30. h4 Qxh4+ 31. Bh3 Rcd7 32. Ng3 Bf4 0-1

[Event "I Festival Steinitz A"]
[Site "Roma ITA"]
[Date "2002.07.07"]
[Round "5"]
[White "Tacchi, Fabio"]
[Black "Marinelli, Franco"]
[Result "1-0"]
[WhiteElo "1771"]
[BlackElo "1327"]
[PlyCount "81"]
[EventDate "2002.07.05"]

1. d4 d5 2. c4 e6 3. Nc3 Nf6 4. Bg5 Be7 5. cxd5 exd5 6. e3 c6 7. Bd3 Nbd7 8.
Qc2 Nf8 9. Nge2 Nh5 10. Bxe7 Qxe7 11. O-O g6 12. Rae1 f5 13. Kh1 Ne6 14. Ng1
O-O 15. Nf3 Ng5 16. Ne5 Nf7 17. f4 Nxe5 18. fxe5 Ng7 19. Rf3 Ne6 20. Ref1 Ng5
21. R3f2 Bd7 22. a4 Ne4 23. Bxe4 fxe4 24. Qb3 Rxf2 25. Rxf2 Rf8 26. Nxe4 Rxf2
27. Nxf2 Bf5 28. h3 h5 29. Kh2 g5 30. e4 Be6 31. Qg3 h4 32. Qf3 Kg7 33. Nd1
dxe4 34. Qxe4 Bd5 35. Qe3 Kg6 36. Nf2 a6 37. Ng4 Be6 38. Nf6 Qf7 39. Qf3 Qe7
40. Qh5+ Kg7 41. Qxg5+ 1-0

[Event "I Festival Steinitz A"]
[Site "Roma ITA"]
[Date "2002.07.07"]
[Round "5"]
[White "Taloni, Silvio"]
[Black "Evangelisti, Claudio"]
[Result "0-1"]
[WhiteElo "1543"]
[BlackElo "2240"]
[PlyCount "56"]
[EventDate "2002.07.05"]

1. d4 Nf6 2. Nf3 g6 3. Nbd2 c5 4. c3 b6 5. e3 Ba6 6. Bxa6 Nxa6 7. Qe2 Nc7 8.
dxc5 bxc5 9. O-O d5 10. Rd1 Bg7 11. e4 O-O 12. exd5 Ncxd5 13. Ne4 Qc7 14. Nxf6+
Nxf6 15. Qc4 Nd7 16. Be3 Rfe8 17. Rd2 Nb6 18. Qb3 c4 19. Qd1 Red8 20. Rxd8+
Rxd8 21. Qe2 Nd5 22. Bg5 Rd7 23. Rd1 h6 24. Bc1 e6 25. Ne1 Kh7 26. Nc2 Bxc3 27.
Bxh6 Bxb2 28. Qd2 Nb6 0-1

[Event "I Festival Steinitz A"]
[Site "Roma ITA"]
[Date "2002.07.07"]
[Round "5"]
[White "Tamburrini, Andrea"]
[Black "Vittimberga, Valeria"]
[Result "1-0"]
[WhiteElo "1377"]
[BlackElo "1482"]
[PlyCount "75"]
[EventDate "2002.07.05"]

1. e4 e6 2. d4 d5 3. Nc3 Nf6 4. Bg5 Be7 5. Bd3 O-O 6. Nf3 a6 7. Qd2 Nc6 8. a3
b5 9. b4 Bb7 10. h4 dxe4 11. Bxe4 Nxe4 12. Nxe4 f6 13. Be3 a5 14. Nc5 Bxc5 15.
bxc5 b4 16. O-O bxa3 17. Rxa3 Nb4 18. Rb1 Bxf3 19. gxf3 Qd5 20. c3 Nc6 21. Kg2
e5 22. dxe5 Qxd2 23. Bxd2 Nxe5 24. Ra4 Rfd8 25. Bf4 Rd5 26. Rb5 Nd3 27. Bxc7
Rc8 28. Bb6 Nf4+ 29. Rxf4 Rc6 30. Bxa5 g5 31. hxg5 fxg5 32. Rg4 h5 33. Re4 Kf7
34. Bb4 Rf5 35. Rb7+ Kf8 36. Ree7 Rcf6 37. c6 g4 38. Rb8# 1-0

[Event "I Festival Steinitz A"]
[Site "Roma ITA"]
[Date "2002.07.07"]
[Round "5"]
[White "Tosoni, Augusto"]
[Black "Yamson, Roberto"]
[Result "1-0"]
[WhiteElo "2174"]
[BlackElo "1623"]
[PlyCount "127"]
[EventDate "2002.07.05"]

1. e4 c5 2. Nf3 d6 3. d4 cxd4 4. Nxd4 Nf6 5. Nc3 g6 6. Be3 Bg7 7. f3 O-O 8. Qd2
Nc6 9. Bc4 Bd7 10. O-O-O Qa5 11. Bb3 Rfc8 12. Kb1 Ne5 13. Bg5 Nc4 14. Bxc4 Rxc4
15. Bxf6 Bxf6 16. Nd5 Qxd2 17. Nxf6+ Kg7 18. Nh5+ Kh6 19. Rxd2 Kxh5 20. Ne2 f6
21. Nf4+ Kh6 22. Nd5 Re8 23. Re1 Be6 24. b3 Rc5 25. c4 b5 26. Nf4 Bf7 27. Nd3
Rc7 28. cxb5 Rb8 29. Rc1 Rcb7 30. Rdc2 Rxb5 31. Rc8 R8b7 32. R1c7 Be6 33. Rxb7
Rxb7 34. Rc3 a5 35. Kb2 Bd7 36. Kc2 g5 37. a3 Kg6 38. b4 Ba4+ 39. Kd2 axb4 40.
Nxb4 e6 41. Rc8 h5 42. Kc3 Kf7 43. Ra8 Rc7+ 44. Kb2 Bd1 45. a4 Rc4 46. Ra7+ Ke8
47. Ka3 Rc3+ 48. Kb2 Rb3+ 49. Kc1 Rxb4 50. Kxd1 Rb2 51. a5 Kd8 52. a6 Ra2 53.
Ke1 Kc8 54. Re7 Rxa6 55. Rxe6 Kd7 56. Rxf6 Ra2 57. Kf1 Ra5 58. Rf5 Rxf5 59.
exf5 g4 60. fxg4 hxg4 61. Kf2 Ke7 62. Kg3 Kf6 63. Kxg4 d5 64. Kf4 1-0

[Event "I Festival Steinitz A"]
[Site "Roma ITA"]
[Date "2002.07.07"]
[Round "5"]
[White "Turturici, Pellegrino"]
[Black "Benocci, Umiliano"]
[Result "1/2-1/2"]
[WhiteElo "1746"]
[BlackElo "1492"]
[PlyCount "65"]
[EventDate "2002.07.05"]

1. c4 e6 2. Nc3 d5 3. d4 dxc4 4. e3 a6 5. a4 b6 6. Nf3 Nf6 7. Bxc4 Bb7 8. O-O
Nbd7 9. Re1 c6 10. e4 b5 11. Bb3 Be7 12. e5 Nd5 13. Nxd5 cxd5 14. Qd3 bxa4 15.
Bxa4 h6 16. Bd2 Qb6 17. Ba5 Qa7 18. Rec1 Bd8 19. Bxd8 Kxd8 20. Qa3 Qb8 21. Nd2
Nb6 22. Qc5 Nxa4 23. Rxa4 Kd7 24. Qb6 Rc8 25. Raa1 Rxc1+ 26. Rxc1 Bc8 27. Qc6+
Kd8 28. b3 Ra7 29. Qc5 Re7 30. Qa5+ Ke8 31. Rc6 Ra7 32. h3 Rd7 33. f4 1/2-1/2

[Event "C.to Italiano U10"]
[Site "Cortina d'Ampezzo ITA"]
[Date "2002.07.04"]
[Round "4"]
[White "Hellweger, Hannes"]
[Black "Tomat, Riccardo"]
[Result "0-1"]
[WhiteElo "1500"]
[BlackElo "1548"]
[PlyCount "144"]
[EventDate "2002.07.02"]

1. e4 c5 2. d3 Nc6 3. Be3 d6 4. Nf3 Nf6 5. Nc3 g6 6. Be2 Bg7 7. a3 O-O 8. O-O
a6 9. d4 cxd4 10. Nxd4 Bd7 11. Nxc6 bxc6 12. Bf3 Rc8 13. Qe2 a5 14. Rab1 c5 15.
b4 axb4 16. axb4 cxb4 17. Na2 Rb8 18. Rxb4 Qa5 19. Rxb8 Rxb8 20. Nc1 Qc7 21.
Nd3 Ba4 22. Rc1 Nd7 23. Bg5 f6 24. Be3 e5 25. Bg4 Kh8 26. Be6 Re8 27. Bb3 Bc6
28. Nb4 Bxe4 29. Qc4 Qxc4 30. Bxc4 Rb8 31. Nd3 d5 32. Ba6 Nb6 33. Rb1 d4 34.
Bd2 Nd7 35. Rxb8+ Nxb8 36. f3 Bxf3 37. gxf3 Nxa6 38. Nb4 Nxb4 39. Bxb4 Kg8 40.
Kf2 Kf7 41. Ke2 Ke6 42. c3 dxc3 43. Bxc3 Kf5 44. Kf2 Bh6 45. Kg2 Be3 46. Bb4 g5
47. Be7 h5 48. h3 Bd4 49. Kg3 e4 50. fxe4+ Kxe4 51. h4 g4 52. Bd6 f5 53. Bb4
f4+ 54. Kg2 Be5 55. Be1 Ke3 56. Bf2+ Ke2 57. Bc5 f3+ 58. Kg1 Bg3 59. Ba7 f2+
60. Bxf2 Bxf2+ 61. Kg2 Bxh4 62. Kh2 Be1 63. Kh1 h4 64. Kg2 g3 65. Kh1 h3 66.
Kg1 Bb4 67. Kh1 Ba5 68. Kg1 g2 69. Kh2 Kf2 70. Kxh3 g1=Q 71. Kh4 Bd8+ 72. Kh5
Qg5# 0-1

[Event "C.to Italiano U10"]
[Site "Cortina d'Ampezzo ITA"]
[Date "2002.07.04"]
[Round "4"]
[White "Muccini, Marco"]
[Black "Pachera, Andrea"]
[Result "0-1"]
[WhiteElo "1449"]
[BlackElo "1600"]
[PlyCount "48"]
[EventDate "2002.07.02"]

1. d4 Nf6 2. c4 g6 3. Nc3 Bg7 4. e4 d6 5. Nf3 O-O 6. Bd3 e5 7. d5 Ne8 8. O-O f5
9. Re1 f4 10. b4 Rf7 11. Ba3 Bf8 12. Qe2 a5 13. Rab1 axb4 14. Bxb4 Na6 15. Ba3
g5 16. Nd2 g4 17. f3 h5 18. g3 Rg7 19. Qf2 gxf3 20. Nxf3 Bg4 21. Kf1 fxg3 22.
hxg3 Bxf3 23. Rxb7 Qc8 24. Rbb1 Qh3+ 0-1

[Event "C.to Italiano U10"]
[Site "Cortina d'Ampezzo ITA"]
[Date "2002.07.04"]
[Round "4"]
[White "Rombaldoni, Axel"]
[Black "Fiducioso, Marco"]
[Result "1-0"]
[WhiteElo "1618"]
[BlackElo "1516"]
[PlyCount "65"]
[EventDate "2002.07.02"]

1. e4 Nf6 2. e5 Nd5 3. c4 Nb6 4. d4 d6 5. exd6 cxd6 6. Nc3 Nc6 7. Be3 Bf5 8.
Nf3 Nb4 9. Rc1 Rc8 10. a3 Nc6 11. Be2 Na5 12. b3 g6 13. O-O Bg7 14. h3 O-O 15.
Nh2 e6 16. Nf3 e5 17. d5 e4 18. Nd4 Bxd4 19. Bxd4 Re8 20. g4 Bd7 21. Re1 f5 22.
Rb1 Qh4 23. Kg2 fxg4 24. Bxg4 Bf5 25. Nb5 e3 26. Rxe3 Rxe3 27. Bxe3 Bxb1 28.
Bxc8 Be4+ 29. f3 Nxc8 30. fxe4 Qxe4+ 31. Qf3 Qc2+ 32. Qf2 Qxb3 33. Bh6 1-0